| 000 | 01452nam a22002657a 4500 | ||
|---|---|---|---|
| 005 | 20101206113148.0 | ||
| 008 | 101206t xxu||||| |||| 00| 0 hin d | ||
| 010 | _aHIN-91400 | ||
| 020 |
_c395.00 _a8189102842 |
||
| 035 | _aHN-63746 | ||
| 037 | _bDBAD/PUB | ||
| 040 |
_aDPL _bHN |
||
| 082 | _a370.71 | ||
| 100 |
_924598 _aशर्मा, एन.के. |
||
| 245 |
_aउदीयमान भारतीय समाज में अध्यापकः _cएन.के.शर्मा एवं पुरूषोत्तम व्यास |
||
| 246 |
_aUdiyamaan bhartiya samaj me adhapak _bby n.k.sharma avm purushotum viaas |
||
| 260 |
_aदिल्ली _bप्रेरणा प्रकाशन _c2010 |
||
| 270 |
_bदिल्ली _aसी-13, प्लाट नम्बर-2, डी-5, रोज अपार्टमेंट, सेक्टर-14 एक्सटेंशन, रोहिणी _e110085 _k(ऑफिस) 65749511 (निवास) 27562163 _l011- 23240261 _mlakshythani@hotmail.com |
||
| 300 |
_a177पृ. _c22सेमी (सजिल्द) |
||
| 650 | _91169 | ||
| 700 |
_924599 _aव्यास, पुरूषोत्तम |
||
| 700 | _924924 | ||
| 942 |
_2ddc _cHN _mशर्माए _h370.71 |
||
| 999 |
_c49554 _d49554 |
||